• 首页
  • 本馆介绍
  • 公告通知
  • 最新文献
  • 馆藏检索
  • 电子资源
  • 读者导购
  • 参考咨询
  • 我的图书馆
  • 登录
  • 详细信息显示
  • 放入我的书架
  • 预约/预借图书
  • 作者相关作品
  • 分类相关作品
  • 丛书相关作品
  • 出版社相关作品

书目信息

  • 表格格式
  • 工作单格式
  • 卡片格式
题名:
映画神州
    
 
作者: 张江艺 , 吴木坤 主编
分册:  
出版信息: 北京   北京大学出版社  2005
页数: 280页
开本: 23cm
丛书名:
单 册:
中图分类: J992
科图分类:
主题词: 电影事业--研究--中国 , 电影事业
电子资源:
ISBN: 7-301-10022-1
000 00999nam0 2200277 450
001 012007239292
005 20070721095149.54
010    @a7-301-10022-1@dCNY36.00
100    @a20070628d2005 km y0chiy0120 ea
101 0  @achi
102    @aCN@b110000
105    @aa z 000yy
106    @ar
200 1  @a映画神州@Aying hua shen zhou@e中国电影地域纷呈@f张江艺,吴木坤主编@Fzhang jiang yi,wu mu kun zhu bian
210    @a北京@c北京大学出版社@d2005
215    @a280页@c图@d23cm
330    @a本书构思精巧,从空间上横向切入,以文化特色和电影创作特色为依准,在中华大地上划出8大电影区域,这些“域”分处中国地图的各个角落,统合为一个“面”,形成一幅中国电影百年区划图。
510 1  @aTrip of Chinese film@zeng
517 1  @a中国电影地域纷呈@Azhong guo dian ying di yu fen cheng
606 0  @a电影事业@x研究@y中国
606 0  @a电影事业
690    @aJ992@v4
701  0 @a张江艺@Azhang jiang yi@4主编
701  0 @a吴木坤@Awu mu kun@4主编
801  0 @aCN@bRULIN@c20070721
905    @dJ992@e212@s8
    
    映画神州:中国电影地域纷呈/张江艺,吴木坤主编.-北京:北京大学出版社,2005
    280页:图;23cm
    
    
    ISBN 7-301-10022-1:CNY36.00
    本书构思精巧,从空间上横向切入,以文化特色和电影创作特色为依准,在中华大地上划出8大电影区域,这些“域”分处中国地图的各个角落,统合为一个“面”,形成一幅中国电影百年区划图。
●
相关链接 在E读中查询图书 在五车中查询图书 在当当中查询图书 在豆瓣中查询图书


正题名:映画神州     索取号:J992/212         预约/预借

序号 登录号 条形码 馆藏地/架位号 状态 备注
1 0582982   205829825   第一样本阅览室/ [索取号:J992/212] 在馆    
2 0582983   205829834   第一借阅区/ [索取号:J992/212] 在馆    
3 0582984   205829843   第一借阅区/ [索取号:J992/212] 在馆    
4 0582985   205829852   第一借阅区/ [索取号:J992/212] 在馆    
5 0582986   205829861   第一借阅区/ [索取号:J992/212] 在馆    
6 0582987   205829870   第一借阅区/ [索取号:J992/212] 在馆    
7 0582988   205829889   第一借阅区/ [索取号:J992/212] 在馆    
8 0582989   205829898   第一借阅区/ [索取号:J992/212] 在馆    
唐山师范学院图书馆 欢迎您!
大连网信软件有限公司© 版权所有